• 首页
  • 本馆介绍
  • 公告通知
  • 最新文献
  • 馆藏检索
  • 电子资源
  • 读者导购
  • 参考咨询
  • 我的图书馆
  • 登录
  • 详细信息显示
  • 放入我的书架
  • 预约/预借图书
  • 作者相关作品
  • 分类相关作品
  • 丛书相关作品
  • 出版社相关作品

书目信息

  • 表格格式
  • 工作单格式
  • 卡片格式
题名:
中国全民医疗保障实现路径研究
    
 
作者: 李琼 著
分册:  
出版信息: 北京   人民出版社  2009
页数: 332页
开本: 23cm
丛书名:
单 册:
中图分类: R197.1
科图分类:
主题词: 医疗保健制度--研究--中国 , 医疗保健制度
电子资源:
ISBN: 978-7-01-008420-6
000 00889nam0 2200241 45
001 1032998140
005 20100407170930.04
010    @a978-7-01-008420-6@dCNY45.00
100    @a20100331d2009 em y0chiy50 ea
101 0  @achi
102    @aCN@b110000
105    @ay z 000yy
106    @ar
200 1  @a中国全民医疗保障实现路径研究@AZhong Guo Quan Min Yi Liao Bao Zhang Shi Xian Lu Jing Yan Jiu@f李琼著@FLi Qiong Zhu
210    @a北京@c人民出版社@d2009
215    @a332页@d23cm
330    @a本书针对医疗保障制度改革中存在的突出问题,在借鉴发达国家医疗保障制度建设经验的基础上,探索如何通过有效发挥政府与市场的作用,合理配置医疗资源,构筑可行的全民医疗保障实现路径。
606 0  @a医疗保健制度@x研究@y中国
606 0  @a医疗保健制度
690    @aR197.1@v4
701  0 @a李琼@ALi Qiong@c(女,经济学博士)@4著
801  0 @aCN@bTANGWEI@c20100407
905    @b0587295-99@dR197.1@e178@f5
    
    中国全民医疗保障实现路径研究/李琼著.-北京:人民出版社,2009
    332页;23cm
    
    
    ISBN 978-7-01-008420-6:CNY45.00
    本书针对医疗保障制度改革中存在的突出问题,在借鉴发达国家医疗保障制度建设经验的基础上,探索如何通过有效发挥政府与市场的作用,合理配置医疗资源,构筑可行的全民医疗保障实现路径。
●
相关链接 在E读中查询图书 在五车中查询图书 在当当中查询图书 在豆瓣中查询图书


正题名:中国全民医疗保障实现路径研究     索取号:R197.1/178         预约/预借

序号 登录号 条形码 馆藏地/架位号 状态 备注
1 0587295   205872956   第二样本阅览室/ [索取号:R197.1/178] 在馆    
2 0587296   205872965   第三借阅区/ [索取号:R197.1/178] 在馆    
3 0587297   205872974   教育系资料室/ [索取号:R197.1/178] 在馆    
4 0587298   205872983   教育系资料室/ [索取号:R197.1/178] 在馆    
5 0587299   205872992   第三借阅区/ [索取号:R197.1/178] 在馆    
唐山师范学院图书馆 欢迎您!
大连网信软件有限公司© 版权所有